000 00698cam a22002293a 4500
001 18840
003 PGUSA
005 20140828083412.0
008 060716s2006||||xxu|||||s|||||000 1 eng d
040 _aPGUSA
_beng
042 _adc
050 4 _aPS
100 1 _aVenable, William Henry,
_d1836-1920
245 1 2 _aA Dream of Empire :
_bOr, The House of Blennerhassett
_h[electronic resource] /
_cWilliam Henry Venable
260 _bProject Gutenberg,
_c2006
506 _aPublic domain in the USA.
516 _aElectronic text
653 _aBlennerhassett, Harman, 1765-1831 -- Fiction
830 0 _aProject Gutenberg
_v18840
856 4 0 _uhttp://www.gutenberg.org/ebooks/18840
942 _cEB
999 _c248095
_d248095